header

Teacher leadership and behaviour management (Record no. 240570)

MARC details
000 -LEADER
fixed length control field 01236nam a2200325Ia 4500
082 04 - DEWEY DECIMAL CLASSIFICATION NUMBER
Classification number 371.102/4
245 00 - TITLE STATEMENT
Title Teacher leadership and behaviour management
260 ## - PUBLICATION, DISTRIBUTION, ETC. (IMPRINT)
Place of publication Thousand Oaks, Calif. ;
-- London :
Name of publisher P. Chapman Pub.,
Year of publication 2002.
300 ## - PHYSICAL DESCRIPTION
Number of Pages vi, 160 p.
650 #0 - SUBJECT ADDED ENTRY--TOPICAL TERM
Topical Term Classroom management.
Topical Term Teacher effectiveness.
700 1# - ADDED ENTRY--PERSONAL NAME
Personal name Rogers, Bill,
856 40 - ELECTRONIC LOCATION AND ACCESS
Uniform Resource Identifier http://site.ebrary.com/lib/rucke/Doc?id=10218297

No items available.

© 2026 Rongo University
Contact us: librarian | system librarian | Rongo university